[Event "Paris Rapid & Blitz GCT"]
[Site "Paris"]
[Date "2021.06.18"]
[Round "2"]
[White "Vachier Lagrave, Maxime"]
[Black "Radjabov, Teimour"]
[Result "1-0"]
[WhiteElo "2760"]
[BlackElo "2765"]
[EventDate "2021.??.??"]
[Annotator "Bojkov,Dejan"]
[PlyCount "81"]
[Beauty "7630567245378"]
[EventType "blitz"]
[EventCountry "FRA"]

1.e4 e5 2.Nf3 Nc6 3.Bb5 ( {In order to understand better what happens later, please check the following game of Vachier-Lagrave from the World Cup 2017:} 3.Bc4 Bc5 4.O-O Nf6 5.d3 a6 6.c3 d6 7.a4 h6 8.Re1 O-O 9.h3 Ba7 10.Nbd2 Ne7 11.Bb3 Ng6 12.d4 Re8 13.a5 c6 $146 14.Bc2 Be6 15.Nf1 Qc7 16.Ng3 Rad8 17.Be3 Qb8 18.Qc1 Qc8 {This move allows a for this line very typical sacrifice.} 19.Bxh6 $1 Bxh3 ( {The bishop is invincible.} 19...gxh6 20.Qxh6 {The threat Ng3-f5 is unstoppable. After} 20...Qc7 ( 20...Nh7 $2 21.Nh5 {and mate on the next move.} ) 21.Nf5 Bxf5 22.exf5 {White regains the material with interest and wins easily.} ) 20.Bg5 Bg4 21.Bxf6 Bxf3 ( {Black is also doomed after} 21...gxf6 22.Qh6 {when one of the the white knights will land on f5 or h5 killing spots very soon.} ) 22.Nf5 $1 {with a decisive attack which Vachier-Lagrave converted quickly.} 22...Nf4 ( 22...gxf6 23.Qh6 ) 23.dxe5 ( 23.Qe3 {would do the job as well.} ) 23...dxe5 24.Bxe5 Ne2+ 25.Rxe2 Rxe5 ( 25...Bxe2 26.Qg5 ) 26.gxf3 Qxf5 27.exf5 Rxe2 28.Qg5 Rd5 29.Be4 Bxf2+ 30.Kf1 Be3 31.Kxe2 Bxg5 32.Bxd5 cxd5 33.Rd1 {1-0 Vachier-Lagrave,M (2804)-Khusenkhojaev,M (2455) Tbilisi FIDE World Cup 2017} ) 3...Nf6 4.d3 Bc5 5.c3 O-O 6.Nbd2 d6 7.O-O Bb6 8.Bxc6 $5 {Choosing to play the grinding game.} ( {As a rule, White is reluctant to swap this bishop early:} 8.h3 Ne7 9.Ba4 Ng6 10.Nc4 Be6 11.Nxb6 axb6 12.a3 h6 13.Re1 c6 14.Bc2 Re8 15.d4 {Robson,R (2670) -Sjugirov,S (2662) Online 2020} ) 8...bxc6 9.h3 Ba6 10.Qc2 {White needs to protect the d3 pawn.} ( {In the line} 10.a4 Bxd3 11.a5 {he traps the black bishop, but pays a significant price for that:} 11...Bxf1 12.Qxf1 Re8 ) 10...c5 $146 {This is a novelty. Radjabov wants to open some room for his dark-squared bishop.} ( 10...Nh5 11.Nc4 ( 11.a4 $5 {first made sense, and then} 11...Nf4 12.Nc4 ) 11...Bxc4 12.dxc4 Qf6 13.Qa4 d5 14.cxd5 cxd5 15.exd5 e4 16.Nh2 Ng3 17.Ng4 Qd6 18.Re1 f5 {with an attack for Black in Soto Vega,J (2357)-Cervantes Landeiro,T (2087) Montevideo 2018} ) 11.Re1 ( {Now} 11.a4 c6 {does not make sense for White.} ) 11...h6 12.Nf1 {Black's bishops are tamed and Vachier-Lagrave has the time to transfer his knight to a more comfortable position.} 12...Re8 13.Ng3 Qd7 ( {It is remarkable that the computer suggests the retreat} 13...Bc8 {just not to let the knight too close to the black king.} ) 14.Be3 ( {Throwing in} 14.a4 $5 c6 15.Nf5 {is not part of Vachier-Lagrave's plan. As we will see later the a-file might be quite useful for White.} ) ( {White likely decided to postpone the immediate} 14.Nf5 {as the knight might be vulnerable there still, as in the line} 14...c4 15.d4 exd4 16.cxd4 Bb7 17.d5 c6 ) 14...c6 ( {Here} 14...c4 15.d4 {is pointless.} ) 15.Rad1 {No rush at all. This is how you play it when you have the horses.} 15...Qe6 16.b3 Rad8 17.Nh4 {Now the White's knights can't be stopped from landing on f5.} ( {The other way to play is} 17.d4 exd4 18.cxd4 c4 {but why bring the bishops out?} ) 17...d5 {That is not an attacking setup! The black center is in fact vulnerable.} 18.c4 {Finally landing into Nimzo-Indian waters, with colors reversed. White's pawns are perfectly located and his primary task is to force the center fixation.} 18...Rd7 ( {In hindsight} 18...d4 19.Bc1 {might have been the lesser evil for Black, although here too he will suffer on the kingside after f2-f4.} ) 19.Nhf5 {This is far more dangerous than it seems.} ( {No need for the complications after} 19.cxd5 cxd5 20.Bxc5 Rc7 ) 19...Red8 20.Qc1 {\"A nasty move.\" (Vachier-Lagrave) Black's position is already very, very bad.} 20...Bb7 ( {For starters} 20...Kh7 {obviously helps White:} 21.Bxh6 ) ( {The desperate} 20...h5 {would hardly be played by a human being. Besides} 21.Bg5 {leaves Black suffering for free.} ) ( {However} 20...Bc8 {was more accurate than the move in the game. Then in the line} 21.Bxh6 ( {However} 21.Nxg7 $1 {Promises White a huge attack here too:} 21...Kxg7 22.Bxh6+ Kh7 23.Qg5 Ne8 ( {Nothing changes} 23...Rg8 24.Qh4 ) 24.Nf5 f6 25.Qh5 {White's attack is crushing thanks to the lovely point} 25...Qf7 26.Qh4 Kg8 27.Bg7 $1 Nxg7 28.Nh6+ ) 21...gxh6 22.Qxh6 Ne8 23.Qg5+ Qg6 24.Ne7+ Rxe7 25.Qxe7 {The black bishop is not hanging on b7 and he can try to surround the white queen with} 25...f6 ) ( {\"If you start doing some prophylaxis\"} 20...Ne8 21.Qa3 {\"just wins the pawn on c5\" (Vachier-Lagrave)} ) 21.Bxh6 $1 ( 21.Nxg7 {Also led to a huge attack for White after} 21...Kxg7 22.Bxh6+ Kh7 23.Qg5 Ne8 24.Nh5 ) 21...gxh6 22.Qxh6 Ne8 23.Qg5+ Kf8 {More or less forced.} ( {As} 23...Qg6 24.Ne7+ Rxe7 25.Qxe7 {is a double attack and Black would lose another pawn after} 25...Bc8 26.Qxe5 ) 24.Qh4 ( {A tad more accurate was} 24.Qh5 $1 {In order to meet} 24...f6 {with} 25.Nh4 ) 24...f6 $1 {Best defense.} ( {There is no need to repeat after} 24...Kg8 {White can keep on bringing fresh forces in:} 25.Nh6+ Kf8 26.Ng4 ) 25.Re3 ( {Missing the win after} 25.Qh6+ $1 Kg8 26.Nh5 $1 Rh7 ( {Or} 26...d4 27.f4 ) 27.Qg6+ Kh8 28.Nh6 $1 {And there is nothing to do to stop the white pieces from flooding in} 28...d4 29.f4 ) 25...Qg8 $1 {Once again the best defense by Radjabov.} 26.Qh6+ Kf7 27.Qh5+ Qg6 {Played with only about fifteen seconds on the clock (according to MVL). Radjabov misses an important detail.} ( {After} 27...Ke6 $3 {\"suddenly I do not have an attack.\" (Vachier-Lagrave) White can win a pawn in the line} 28.exd5+ cxd5 29.Nh6 Qg5 30.Qxg5 fxg5 31.Ng4 Bc7 32.Rde1 Ng7 33.Nxe5 Bxe5 34.Rxe5+ Kf6 {but at the expense of the attack.} ) 28.Nh6+ Kg7 29.Ngf5+ Kh7 30.Qe2 $1 {This nasty retreat was missed by the Azeri GM.} ( {Radjabov apparently only calculated} 30.Qh4 Qg5 $1 ) 30...Rg7 {Black sacrifices the queen and never gets enough for it.} ( {Alas,} 30...Ng7 {does not save Black after} 31.Rg3 Qe8 32.Qg4 Nh5 33.Qh4 $3 {with inevitable huge material gains for White after, say:} 33...Nxg3 34.Ng4+ Nh5 35.Nxf6+ ) 31.Rg3 Qxh6 32.Nxh6 Kxh6 33.Rf1 {White has just too many pawn and the insecure black king does not help him either...} 33...Bc7 34.Qe3+ Kh7 35.Rxg7+ Kxg7 36.Qxc5 dxe4 37.Qxa7 Nd6 38.dxe4 Ra8 39.Qe3 Rxa2 40.Rd1 Ra8 41.c5 ( {It is either a piece gain or mate after} 41.c5 Nf7 42.Rd7 Rc8 43.Qg3+ Kf8 44.Qg6 ) 1-0

[Event "Superbet Chess Classic"]
[Site "\]"]
[Date "2021.06.06"]
[Round "2"]
[White "Vachier Lagrave, Maxime"]
[Black "Deac, Bogdan Daniel"]
[Result "0-1"]
[WhiteElo "2760"]
[BlackElo "2627"]
[EventDate "2021.??.??"]
[Annotator "Bojkov,Dejan"]
[PlyCount "88"]
[Beauty "7358352737843"]
[EventType "game"]

1.e4 e5 2.Nf3 Nc6 3.Bb5 a6 4.Ba4 Nf6 5.O-O Nxe4 {Deac joined the tournament as a last-minute replacement, which did not prevent him from demonstrating a new opening line. According to Megabase, this is the first time that the talented Romanian GM chooses the Open Ruy Lopez. Impressive!} 6.d4 b5 7.Bb3 d5 8.dxe5 Be6 9.Nbd2 Be7 10.c3 O-O 11.Bc2 f5 ( {The Guru of the line once chose here} 11...Bf5 12.Nd4 Nxd4 13.cxd4 f6 14.Nxe4 Bxe4 15.Bxe4 dxe4 16.Qb3+ Kh8 17.Be3 c6 18.Qe6 {but it did not work well for Black in Ivanchuk,V (2695)-Kortschnoj,V (2615) New York 1994} ) 12.exf6 Nxf6 13.a4 {According to the same Megabase, 13.Re1 is becoming the main line.} ( {As in the following fascinating game} 13.Re1 Bg4 14.h3 Bh5 15.Nf1 Bc5 16.Ng3 Bxf3 17.gxf3 Qd6 18.Kg2 Rae8 19.Rxe8 Rxe8 20.Bg5 Ne5 21.Bxf6 gxf6 22.f4 Ng6 23.Bxg6 hxg6 24.f5 {White took over the initiative and eventually won in Giri,A (2776)-Anton Guijarro,D (2673) Online 2021} ) 13...b4 14.Re1 Bg4 15.Nf1 $146 {This is a novelty. Black's position looks active and aggressive, but as it often happens in the Ruy Lopez, White's hidden attacking potential should not be underestimated.} ( {Black achieved a comfortable position after} 15.h3 Bh5 16.Bf5 Bd6 17.Qc2 Re8 18.g4 Rxe1+ 19.Nxe1 Qe8 20.Ndf3 Bg6 21.Bxg6 hxg6 22.Be3 bxc3 23.bxc3 Na5 {followed by Na5-c4 and Black was doing fine in Firouzja,A (2749)-Fedoseev,V (2676) Chess. com 2020} ) 15...Bc5 {The same active policy.} 16.Be3 {Here Deac spent an enormous amount of time on his clock trying to figure out if he should force matters or not. At the end, after more than half an hour, he went for it.} ( {Nothing yields} 16.Ne3 Bh5 {when the white pieces obstruct each other.} ) 16...d4 ( {Objectively though} 16...Qd6 {might have been a more decent defense, when after} 17.Bxc5 Qxc5 18.h3 Bxf3 19.Qxf3 {Black indeed needs to avoid} 19...Ne4 $6 ( {And defend instead with} 19...Rae8 $5 ) 20.Qe3 $1 {with an edge for White.} ) 17.cxd4 Nxd4 18.Bxd4 Bxf3 19.Qxf3 Qxd4 20.Rad1 $1 {Vachier-Lagrave is prepared for the central break and sacrifices a pawn in return. This lures the queen to a dangerous spot.} 20...Qxb2 {Once again Deac decided to risk.} ( {Instead} 20...Qg4 21.Qc6 Qh5 22.Ne3 ( {The beasty comp suggests instead the machine-blooded} 22.h3 {which makes me sweat purely by the look of moves like} 22...Ng4 {but the cool guys says: \"No worries, I've got this covered.\"} 23.Qe6+ Kh8 24.Qxg4 ) 22...Bd6 23.g3 {looks better for White, thanks to his more active pieces.} ) 21.Re2 $1 {This ambush is the main point behind the sacrifices.} ( {If the French GM wanted to regain the material, he would have chosen instead} 21.Bxh7+ {which is unclear after} 21...Kxh7 ( {Or} 21...Nxh7 22.Qd5+ ) 22.Qf5+ Kh8 23.Qxc5 {as the black queenside passers are quite dangerous and compensate for their weakened king.} ) 21...Qc3 $1 {Now after a repetition, Vachier-Lagrave uncorks his true idea.} ( {The ambush works even without a check} 21...Kh8 $2 22.Bxh7 Nxh7 23.Qxf8+ Rxf8 24.Rxb2 {and White wins.} ) 22.Rd3 Qa1 23.Rd1 Qc3 24.Rd3 Qa1 25.g4 $3 {The French GM identified the knight as a key defender and wants to remove it at any cost. Black is on the verge of losing.} 25...b3 $3 {A colossally strong move! The bishop has to be removed from the b1-h7 diagonal at any cost. Deac might have found the idea using the exclusion method, as everything else was bad for him.} ( {To start with, the g4-g5 advance cannot be stopped:} 25...h6 {loses on the spot to} 26.g5 $1 hxg5 27.Bb3+ {This diagonal is also vulnerable!} 27...Kh8 {Now the neatest win is} 28.Qf5 $1 {with a double-attack against the black king and bishop.} ( {The ambush after} 28.Qh3+ Nh7 29.Bc2 {should also do.} ) ) ( {In case of the immediate} 25...Kh8 26.g5 Ng8 {White has to be careful. The obvious} 27.Qh5 {only leads to a draw after one more unbelievable black resource.} ( {However, the accurate} 27.Qh3 $1 {would likely win after} 27...g6 ( {or} 27...h6 28.Qh5 {intending Qh5-g6 is a decisive attack.} ) 28.Rd7 h6 {And now the simple} 29.Bxg6 $1 ( {or the cute} 29.Qh5 $3 {with a win in both cases.} ) ) 27...g6 $1 28.Rd7 {And now} 28...Nf6 $3 {to up open room for the king with tempo when White has nothing more than a perpetual} 29.gxf6 gxh5 30.Rxh7+ Kg8 31.Rg7+ ) 26.Bxb3+ ( {Not} 26.Rxb3 Qd4 $1 27.g5 Ng4 {when Black consolidates and starts to attack himself.} ) 26...Kh8 27.g5 Ng8 {Now he can. The attack will be delayed by a tempo, and this tempo is decisive.} 28.Qd5 {Vachier-Lagrave decided to centralize his queen.} ( 28.Qh5 {helps Black only after} 28...g6 ) ( {And in case of} 28.Qh3 {Black can use the extra tempo to lock the d-file with} 28...Bd6 $1 {True, White keeps somewhat better position with} 29.Bc2 g6 30.Rd1 Qg7 31.Ng3 ) 28...Bd6 29.Rh3 {The clouds are gathering around the black king again, but since his move is next, he can select} 29...g6 ( {But not the slow} 29...Rae8 $2 30.Qd3 h6 31.Bc2 {when the attack along the light squares decides.} ) 30.Qd3 {However, this is a mistake. White correctly attacks the g6-pawn but from the wrong side.} ( {Deac was looking at} 30.Bc2 Qg7 31.Re6 Ne7 {and Black is OK.} ) ( {Stronger is} 30.Qe6 $1 {when Black still needs to suffer for equality. Perhaps the best chance for him then would be} 30...Qg7 ( {The tricky} 30...Rf4 {with the idea to mate White after} 31.Qxg6 $4 ( {Will see Black suffering instead with} 31.Re4 $1 Rxe4 ( 31...Raf8 {does not help due to} 32.Qxg6 ) ( {Relatively best is} 31...Qg7 32.Rxf4 Bxf4 33.Qe4 Rf8 34.Rf3 Bd6 35.Rxf8 Qxf8 36.Qd4+ Qg7 37.Qa7 {although this still loses a pawn for Black.} ) 32.Qxe4 Rb8 33.Qxg6 {and White wins an important pawn.} ) 31...Rg4+ ) 31.Ng3 Rab8 32.Ne4 Rf5 33.Nxd6 Rxg5+ ( {Or the immediate} 33...cxd6 ) 34.Rg3 Rxg3+ 35.hxg3 cxd6 {and White still presses, although the draw seems likely the most likely outcome.} ) ( {The third way to attack the g6-pawn is} 30.Re6 {but it allows an additional resource} 30...Qb2 31.Qd2 Qxd2 32.Nxd2 Rae8 33.Rxg6 Re1+ 34.Kg2 Bc5 {with compensation for the pawn.} ) 30...Rf5 $1 {That simple. Deac defends and counterattacks at the same time.} 31.Qc3+ {Giving back the pawn at once.} ( 31.Qe3 Raf8 {also does not seems great for White at all.} ) 31...Qxc3 32.Rxc3 Rxg5+ 33.Ng3 Nf6 {Perhaps Vachier-Lagrave could have defended this endgame under more normal circumstances. Here, though, he quickly goes down in flames, frustrated by the missed opportunities.} 34.Kf1 ( {It definitely made sense to swap the active black rook instead with} 34.h4 $1 Rg4 35.Rc4 ) 34...Rb8 35.h3 ( {And here} 35.Re6 $5 {is more stubborn, hoping for some tricks in case of the obvious} 35...Kg7 ( {It is true, though, that Black can keep his advantage with} 35...Ng4 $1 ) 36.Rxf6 Kxf6 37.Ne4+ Kf5 {Now a double ambush after} 38.Bc2 $1 Kf4 39.Rc4 Rb4 {would be OK for White after both} 40.Rxb4 ( {Or perhaps even better} 40.Nxd6+ Rxc4 41.Nxc4 ) 40...Bxb4 41.Nxg5 Kxg5 {with a likely draw.} ) 35...Re5 36.Bc4 ( {White is correctly avoiding} 36.Rxe5 Bxe5 37.Rf3 Rb4 ( {Or} 37...a5 {when the white pieces are too passive.} ) ) ( {However,} 36.Bc2 $1 {is called for when Black still needed to prove the win.} ) 36...Rc5 37.Rcc2 {The last mistake.} ( 37.Rb3 $1 {would have kept White in the game} 37...Rxb3 38.Bxb3 Rc3 39.Be6 ) ( {And even} 37.Rec2 Rb1+ 38.Kg2 a5 {might have added more resistance than the move in the game.} ) 37...Ra5 $1 {That's it. White drops another pawn.} 38.Ne4 Nxe4 39.Rxe4 Rxa4 40.h4 Kg7 41.h5 gxh5 42.Re1 Rbb4 43.Be2 Rh4 44.Bf3 a5 {Will Deac repeat the Denmark case from the European football championship 1992?} 0-1